Random Trivia #7 - Crystals & Gemstones - Statistics

General Stats
  • This quiz has been taken 26 times
  • The average score is 9 of 16
Answer Stats
Picture Answer % Correct
Emerald
96%
Diamond
92%
Ruby
92%
Sapphire
92%
Amethyst
80%
Opal
72%
Topaz
68%
Citrine
60%
Garnet
56%
Peridot
48%
Aquamarine
44%
Tourmaline
36%
Spinel
24%
Malachite
20%
Tanzanite
20%
Ammolite
0%
No matching quizzes found
Score Distribution
Percent of People with Each Score
Percentile by Number Answered
Your Score History
You have not taken this quiz